[Event "OGD Prinsenstad-toernooi - A groep"]
[Site "Delft"]
[Date "2008.01.04"]
[Round "1.1"]
[White "Van den Doel, Erik"]
[Black "Buzing, Pieter"]
[Result "1-0"]
[WhiteElo "2584"]
[BlackElo "2066"]
[Annotator "Prinsenstad-toernooi"]
[PlyCount "65"]
[EventDate "2008.01.04"]
[EventType "swiss"]
[EventRounds "6"]
[EventCountry "NED"]
[Source "DSC"]
[SourceDate "2008.04.25"]

1. e4 Nf6 2. e5 Nd5 3. d4 d6 4. Nf3 g6 5. Bc4 c6 6. O-O Bg7 7. Re1 O-O 8. h3
Nc7 9. exd6 Qxd6 10. Bg5 Be6 11. Nbd2 Nba6 12. c3 Rfe8 13. b4 Nd5 14. Bxa6 bxa6
15. Nc4 Qc7 16. Qd3 Rad8 17. a3 Bf5 18. Qd2 f6 19. Bh4 g5 20. Bg3 Nf4 21. h4 h6
22. hxg5 hxg5 23. Bxf4 gxf4 24. Qa2 Rd5 25. Na5 Bd7 26. Qc4 Kh8 27. Qxa6 e5 28.
Qb7 Qd6 29. Nc4 Qe6 30. dxe5 fxe5 31. Ncxe5 Bxe5 32. Rxe5 $2 (32. Nxe5 Rxe5 33.
Rxe5 Qxe5 34. Qxd7 $18) 32... Qf6 $4 (32... Rxe5 33. Nxe5 Bc8 $1 $13) 33. Rxd5
1-0

[Event "OGD Prinsenstad-toernooi - A groep"]
[Site "Delft"]
[Date "2008.01.04"]
[Round "1.2"]
[White "Van Himbergen, Har"]
[Black "Reinderman, Dimitri"]
[Result "0-1"]
[WhiteElo "2056"]
[BlackElo "2506"]
[Annotator "Prinsenstad-toernooi"]
[PlyCount "52"]
[EventDate "2008.01.04"]
[EventType "swiss"]
[EventRounds "6"]
[EventCountry "NED"]
[Source "DSC"]
[SourceDate "2008.04.25"]

1. e4 c5 2. Nf3 Nc6 3. d4 cxd4 4. Nxd4 Nf6 5. Nc3 e5 6. Ndb5 d6 7. Bg5 a6 8.
Na3 b5 9. Bxf6 gxf6 10. Nd5 f5 11. exf5 Bxf5 12. Qf3 Nd4 13. Nc7+ Qxc7 14.
Qxa8+ Ke7 15. c3 b4 16. cxb4 Qb6 17. Bxa6 Qxb4+ 18. Kf1 Qd2 19. h4 Rg8 20. Kg1
Rg4 (20... d5 $1 21. Qb7+ (21. Qxd5 $4 Nf3+) 21... Kf6 $19) 21. Qb7+ (21. Nc4
$5 Qe2 22. Rh3 $13) 21... Kf6 22. Bc4 $2 (22. Nc4 Qe2) 22... Be7 23. Bd5 $2 (
23. Qa8 d5 24. Qxd5 Be6 25. Qa8 Qxb2 $17) 23... Ne2+ 24. Kf1 $8 (24. Kh2 $2
Rxh4#) 24... Bd3 25. Rh3 Nf4+ 26. Rxd3 Nxd3 0-1

[Event "OGD Prinsenstad-toernooi - A groep"]
[Site "Delft"]
[Date "2008.01.04"]
[Round "1.3"]
[White "Li, Shilong"]
[Black "Cupido, Alexander"]
[Result "1-0"]
[WhiteElo "2484"]
[BlackElo "2045"]
[Annotator "Prinsenstad-toernooi"]
[PlyCount "51"]
[EventDate "2008.01.04"]
[EventType "swiss"]
[EventRounds "6"]
[EventCountry "NED"]
[Source "DSC"]
[SourceDate "2008.04.25"]

1. d4 c5 2. d5 e6 3. Nc3 exd5 4. Nxd5 Nf6 5. Bg5 Be7 6. Bxf6 Bxf6 7. c3 Na6 8.
Nh3 d6 9. Nhf4 Be5 10. e3 Nc7 11. Nxc7+ Qxc7 12. Nd5 Qd8 13. Bb5+ Bd7 14. Qa4
Bxb5 15. Qxb5+ Kf8 16. Qxb7 Rb8 17. Qxa7 Rxb2 18. O-O g6 19. f4 Bf6 20. Rab1
Rxb1 21. Rxb1 Kg7 22. Rb7 Rf8 23. Rd7 Qe8 24. Rxd6 Bxc3 25. Qxc5 $1 (25. Nxc3
$4 Qxe3+ 26. Kf1 Re8 $19) 25... Bb2 26. Qb4 1-0

[Event "OGD Prinsenstad-toernooi - A groep"]
[Site "Delft"]
[Date "2008.01.04"]
[Round "1.4"]
[White "Pietrow, Andrzej"]
[Black "Van Oosterom, Chiel"]
[Result "1/2-1/2"]
[WhiteElo "2039"]
[BlackElo "2393"]
[PlyCount "52"]
[EventDate "2008.01.04"]
[EventType "swiss"]
[EventRounds "6"]
[EventCountry "NED"]
[Source "DSC"]
[SourceDate "2008.04.25"]

1. e4 c5 2. g3 d5 3. exd5 Qxd5 4. Nf3 Bg4 5. Bg2 Qe6+ 6. Kf1 Nc6 7. h3 Bh5 8.
Nc3 Nf6 9. d3 Qd7 10. Bf4 e6 11. g4 Bg6 12. Ne5 Nxe5 13. Bxe5 Bd6 14. Bxd6 Qxd6
15. Bxb7 Rb8 16. Qf3 O-O 17. Rb1 c4 18. Be4 Nxe4 19. dxe4 f5 20. exf5 exf5 21.
Qd5+ Qxd5 22. Nxd5 Rf7 23. Nf4 fxg4 24. Nxg6 g3 25. Kg2 hxg6 26. fxg3 a5
1/2-1/2

[Event "OGD Prinsenstad-toernooi - A groep"]
[Site "Delft"]
[Date "2008.01.04"]
[Round "1.5"]
[White "Broekmeulen, Jasper"]
[Black "Meulenbroek, Kim"]
[Result "1-0"]
[WhiteElo "2304"]
[BlackElo "2038"]
[PlyCount "107"]
[EventDate "2008.01.04"]
[EventType "swiss"]
[EventRounds "6"]
[EventCountry "NED"]
[Source "DSC"]
[SourceDate "2008.04.25"]

1. e4 c5 2. Nf3 d6 3. d4 cxd4 4. Nxd4 Nf6 5. Nc3 a6 6. Be3 e5 7. Nf3 Be7 8. Bc4
Be6 9. Bxe6 fxe6 10. Ng5 Qd7 11. Qf3 d5 12. O-O-O d4 13. Bxd4 exd4 14. e5 Nc6
15. exf6 Bxf6 16. Nce4 Bxg5+ 17. Nxg5 O-O-O 18. Qe4 e5 19. Nxh7 Qf7 20. Rd3
Qxa2 21. Ra3 Qf7 22. Ng5 Qf4+ 23. Qxf4 exf4 24. Nf7 Rdf8 25. Nxh8 Rxh8 26. h4
Rh5 27. Rf3 g5 28. g4 fxg3 29. fxg3 gxh4 30. Rxh4 Ra5 31. Rh7 Kb8 32. Rff7 Rb5
33. g4 Ne5 34. Rf8+ Ka7 35. g5 d3 36. cxd3 Nxd3+ 37. Kd2 Ne5 38. Kc3 Ng6 39.
Rg8 Rxg5 40. Rhg7 Rc5+ 41. Kd4 Rb5 42. Rxg6 Rxb2 43. Rf8 Rb1 44. Rf7 Rb2 45.
Kc3 Rb1 46. Rg2 Rc1+ 47. Rc2 Rh1 48. Rb2 Rh3+ 49. Kc2 Rh2+ 50. Kb1 Rxb2+ 51.
Kxb2 a5 52. Kb3 Ka6 53. Rf6+ Kb5 54. Rf5+ 1-0

[Event "OGD Prinsenstad-toernooi - A groep"]
[Site "Delft"]
[Date "2008.01.04"]
[Round "1.6"]
[White "De Waard, Remko"]
[Black "Pel, Bonno"]
[Result "0-1"]
[WhiteElo "2136"]
[BlackElo "2281"]
[PlyCount "52"]
[EventDate "2008.01.04"]
[EventType "swiss"]
[EventRounds "6"]
[EventCountry "NED"]
[Source "DSC"]
[SourceDate "2008.04.25"]

1. e4 g6 2. d4 d6 3. Nc3 Bg7 4. f4 a6 5. Nf3 b5 6. Bd3 Nd7 7. a4 b4 8. Ne2 c5
9. c3 bxc3 10. bxc3 Qa5 11. Bd2 Nh6 12. O-O O-O 13. f5 gxf5 14. Qe1 c4 15. Bc2
Nf6 16. Qh4 fxe4 17. Bxh6 exf3 18. Rxf3 Qh5 19. Bg5 Bg4 20. Qxh5 Bxh5 21. Re3
Nd5 22. Rg3 Bg6 23. Bd1 e5 24. a5 Rab8 25. Ba4 exd4 26. Nxd4 Nxc3 0-1

[Event "OGD Prinsenstad-toernooi - A groep"]
[Site "Delft"]
[Date "2008.01.04"]
[Round "1.7"]
[White "Van Putten, Henk"]
[Black "Dessing, Bastiaan"]
[Result "1-0"]
[WhiteElo "2247"]
[BlackElo "2022"]
[Annotator "Prinsenstad-toernooi"]
[PlyCount "93"]
[EventDate "2008.01.04"]
[EventType "swiss"]
[EventRounds "6"]
[EventCountry "NED"]
[Source "DSC"]
[SourceDate "2008.04.25"]

1. e4 d6 2. d4 Nf6 3. Nd2 g6 4. Ngf3 Bg7 5. c3 O-O 6. Be2 b6 7. a4 Bb7 8. Qc2
c5 9. d5 e6 10. dxe6 fxe6 11. O-O Nc6 12. Ng5 Qe7 13. f4 d5 14. e5 Ne8 15. Ndf3
Bh6 16. h4 Ng7 17. g4 c4 18. Be3 Rad8 19. Nd4 Bxg5 20. hxg5 Rd7 21. Kg2 a6 22.
Kg3 Na5 23. Rf2 Ba8 24. Rh2 Ne8 25. Rah1 Nc7 26. Bf3 Qe8 27. Rh6 Rg7 28. Qh2
Qd7 29. Bd1 Nb7 30. Bc2 Nc5 31. Qe2 b5 32. axb5 axb5 33. Ra1 Ne4+ 34. Bxe4 dxe4
35. Ra7 Qe8 36. Qh2 Rff7 37. Ra5 Nd5 38. Qd2 Bc6 39. Ne2 Ra7 40. Rxa7 Rxa7 41.
Bxa7 Qa8 42. Qd4 e3 43. Qc5 Qb7 44. f5 gxf5 45. gxf5 Ne7 46. Rxe6 Nxf5+ 47. Kf4
{vlag} 1-0

[Event "OGD Prinsenstad-toernooi - A groep"]
[Site "Delft"]
[Date "2008.01.04"]
[Round "1.8"]
[White "Hiemstra, Jan"]
[Black "Wantola, Ivo"]
[Result "0-1"]
[WhiteElo "2016"]
[BlackElo "2219"]
[Annotator "Prinsenstad-toernooi"]
[PlyCount "65"]
[EventDate "2008.01.04"]
[EventType "swiss"]
[EventRounds "6"]
[EventCountry "NED"]
[Source "DSC"]
[SourceDate "2008.04.25"]

1. d4 Nf6 2. Bg5 e6 3. e3 c5 4. Nf3 Nc6 5. c3 b6 6. Bd3 Bb7 7. Nbd2 Be7 8. Qe2
cxd4 9. exd4 Nd5 10. Bxe7 Qxe7 11. g3 d6 12. O-O O-O 13. Rfe1 Rae8 14. Rac1 f5
15. b4 Kh8 16. b5 Nb8 17. Nh4 Nf4 18. Qf1 Qg5 19. f3 Nxd3 20. Qxd3 f4 21. Ne4
Bxe4 22. fxe4 Nd7 23. Rf1 Rf6 24. Ng2 fxg3 25. hxg3 Rg6 26. Rc2 Qxg3 27. Qxg3
Rxg3 28. Rf7 Nf6 29. Kh2 Rg6 30. Nf4 Kg8 31. Rxa7 Rg4 32. Ne2 Nxe4 33. Rb7 {
en in het verder verloop wint zwart} 0-1

[Event "OGD Prinsenstad-toernooi - A groep"]
[Site "Delft"]
[Date "2008.01.04"]
[Round "1.9"]
[White "Rietveld, Renzo"]
[Black "Schröer, Marcel"]
[Result "1/2-1/2"]
[WhiteElo "2209"]
[BlackElo "2014"]
[PlyCount "64"]
[EventDate "2008.01.04"]
[EventType "swiss"]
[EventRounds "6"]
[EventCountry "NED"]
[Source "DSC"]
[SourceDate "2008.04.25"]

1. Nf3 d5 2. c4 e6 3. d4 Nf6 4. Nc3 Be7 5. Bf4 O-O 6. e3 c5 7. Be2 dxc4 8. O-O
Nc6 9. Bxc4 cxd4 10. exd4 a6 11. a3 b5 12. Ba2 Bb7 13. Rc1 Rc8 14. Bb1 b4 15.
axb4 Nxb4 16. Re1 Bxf3 17. Qxf3 Qxd4 18. Rcd1 Qb6 19. Bg5 Rfd8 20. Rxd8+ Rxd8
21. h4 Nbd5 22. Nxd5 Nxd5 23. Bxe7 Nxe7 24. Bxh7+ Kxh7 25. Qxf7 Ng8 26. Rxe6
Qxb2 27. Qh5+ Nh6 28. Rxa6 Qc1+ 29. Kh2 Rf8 30. Qg6+ Kh8 31. f3 Qf4+ 32. Qg3
Qxg3+ 1/2-1/2

[Event "OGD Prinsenstad-toernooi - A groep"]
[Site "Delft"]
[Date "2008.01.04"]
[Round "1.10"]
[White "Segers, Hans"]
[Black "Legemaat, Gert"]
[Result "0-1"]
[WhiteElo "2006"]
[BlackElo "2203"]
[PlyCount "86"]
[EventDate "2008.01.04"]
[EventType "swiss"]
[EventRounds "6"]
[EventCountry "NED"]
[Source "DSC"]
[SourceDate "2008.04.25"]

1. e4 Nc6 2. Nf3 d6 3. d4 Bg4 4. Bb5 a6 5. Ba4 b5 6. Bb3 e6 7. c3 Nf6 8. Nbd2
Be7 9. O-O O-O 10. Re1 Na5 11. Bc2 Nd7 12. Nf1 e5 13. h3 Bxf3 14. Qxf3 Bf6 15.
d5 Nc4 16. b3 Ncb6 17. b4 g6 18. Qe2 Bg7 19. f3 Qh4 20. Be3 f5 21. Bf2 Qe7 22.
Nd2 Kh8 23. a4 bxa4 24. Bxa4 Nf6 25. Bc6 Rab8 26. Bh4 Bh6 27. Rxa6 g5 28. Bf2
g4 29. fxg4 Bxd2 30. Qxd2 Nxe4 31. Rxe4 fxe4 32. Qe2 Qf7 33. Bxb6 cxb6 34. Ra1
Qf4 35. Re1 Qg3 36. c4 Rf4 37. Rf1 Rbf8 38. Rxf4 Qxf4 39. Qe1 e3 40. Qe2 Qe4
41. g5 Rf2 42. Qg4 Qxg4 43. hxg4 Rf8 0-1

[Event "OGD Prinsenstad-toernooi - A groep"]
[Site "Delft"]
[Date "2008.01.05"]
[Round "2.1"]
[White "Legemaat, Gert"]
[Black "Van den Doel, Erik"]
[Result "0-1"]
[WhiteElo "2203"]
[BlackElo "2584"]
[PlyCount "100"]
[EventDate "2008.01.04"]
[EventType "swiss"]
[EventRounds "6"]
[EventCountry "NED"]
[Source "DSC"]
[SourceDate "2008.04.25"]

1. Nc3 Nf6 2. Nf3 d5 3. d3 Nc6 4. Bg5 d4 5. Ne4 Bg4 6. h3 Bh5 7. Ng3 Bxf3 8.
exf3 e6 9. a3 Be7 10. Be2 Nd5 11. Bxe7 Qxe7 12. O-O O-O 13. Re1 f5 14. Bf1 Qd6
15. Qd2 a5 16. c4 dxc3 17. bxc3 e5 18. d4 exd4 19. cxd4 Kh8 20. Bb5 Nde7 21.
Ne2 Rad8 22. Rec1 b6 23. Bxc6 Nxc6 24. Rc3 Ne7 25. Qc2 Nd5 26. Rc6 Qe7 27. Qd2
Rd6 28. Rxd6 Qxd6 29. Nc3 Nf4 30. g3 Ne6 31. d5 Nc5 32. Re1 f4 33. g4 h6 34.
Qe2 Rd8 35. Qe7 Kg8 36. Qxd6 Rxd6 37. Re7 Rd7 38. Rxd7 Nxd7 39. Nb5 Kf7 40.
Nxc7 Ke7 41. Nb5 Nf6 42. d6+ Kd7 43. Kf1 Ne8 44. Ke2 Nxd6 45. Nd4 b5 46. Kd3 g5
47. Nc2 Kc6 48. Kd4 Nc4 49. a4 Nd2 50. axb5+ Kxb5 0-1

[Event "OGD Prinsenstad-toernooi - A groep"]
[Site "Delft"]
[Date "2008.01.05"]
[Round "2.2"]
[White "Reinderman, Dimitri"]
[Black "Nicholson, John"]
[Result "1-0"]
[WhiteElo "2506"]
[BlackElo "2183"]
[PlyCount "77"]
[EventDate "2008.01.04"]
[EventType "swiss"]
[EventRounds "6"]
[EventCountry "NED"]
[Source "DSC"]
[SourceDate "2008.04.25"]

1. e4 c5 2. Nf3 e6 3. d4 cxd4 4. Nxd4 Nf6 5. Nc3 d6 6. Bc4 Be7 7. Bb3 Na6 8.
Be3 Nc5 9. Qf3 a5 10. a4 O-O 11. O-O-O Bd7 12. Kb1 Qb8 13. Ndb5 Nxb3 14. cxb3
Bc6 15. Qf4 e5 16. Qh4 d5 17. exd5 Nxd5 18. Qg3 Nxc3+ 19. Nxc3 f5 20. f4 Bd6
21. Rhf1 exf4 22. Bxf4 Bxf4 23. Rxf4 Qe5 24. Re1 Qf6 25. Qf2 g5 26. Rc4 Rad8
27. h4 h6 28. hxg5 hxg5 29. Ka2 Rd7 30. Re2 Rdf7 31. Rc5 b6 32. Rce5 Qd8 33.
Qe3 f4 34. Qh3 Bb7 35. Qh6 Rg7 36. Re6 g4 37. Rxb6 f3 38. gxf3 g3 39. Qe6+ 1-0

[Event "OGD Prinsenstad-toernooi - A groep"]
[Site "Delft"]
[Date "2008.01.05"]
[Round "2.3"]
[White "Op den Kelder, Joram"]
[Black "Li, Shilong"]
[Result "0-1"]
[WhiteElo "2243"]
[BlackElo "2484"]
[Annotator "Prinsenstad-toernooi"]
[PlyCount "86"]
[EventDate "2008.01.04"]
[EventType "swiss"]
[EventRounds "6"]
[EventCountry "NED"]
[Source "DSC"]
[SourceDate "2008.04.25"]

1. e4 d6 2. d4 g6 3. Nc3 Bg7 4. f4 c6 5. Nf3 Bg4 6. Be3 Qb6 7. Qd2 Bxf3 8. gxf3
e6 9. O-O-O d5 10. f5 exf5 11. exd5 Nf6 12. dxc6 bxc6 13. d5 Qa5 14. Bh6 (14.
dxc6 O-O) 14... O-O 15. Bc4 Nbd7 16. Bxg7 Kxg7 17. Rhe1 Nb6 18. Bb3 c5 19. Qf4
Rac8 20. a3 c4 21. Ba2 Rfd8 22. d6 Rc5 23. Re7 Nc8 24. Rc7 (24. Rb7 Qa6 25. Rc7
) 24... Rxd6 25. Rxc5 Qxc5 26. Qxc4 Qe3+ 27. Kb1 Rxd1+ 28. Nxd1 Qd2 29. Qd3 (
29. Qxf7+ Kh6 30. Be6 Qxd1+ 31. Ka2 $13) 29... Qxh2 30. Bxf7 Kxf7 31. Qc4+ Kg7
32. Qxc8 h5 33. Qc5 Qe2 34. Qxa7+ Kh6 35. Qe3+ Qxe3 36. Nxe3 f4 $2 (36... Kg5
$1 37. Ng2 h4 38. f4+ Kg4 39. Nxh4 Kxh4 40. a4 Kg4 41. a5 Kxf4 42. a6 Ne8 $19)
37. Nf1 (37. Nd1 g5 38. Nf2 g4 39. Kc1 $11) 37... g5 38. a4 g4 39. fxg4 hxg4
40. a5 g3 41. Nd2 Ne4 42. Nf3 Ng5 43. Ng1 f3 0-1

[Event "OGD Prinsenstad-toernooi - A groep"]
[Site "Delft"]
[Date "2008.01.05"]
[Round "2.4"]
[White "Drozdowski, Kacper"]
[Black "Broekmeulen, Jasper"]
[Result "1/2-1/2"]
[WhiteElo "2156"]
[BlackElo "2304"]
[PlyCount "43"]
[EventDate "2008.01.04"]
[EventType "swiss"]
[EventRounds "6"]
[EventCountry "NED"]
[Source "DSC"]
[SourceDate "2008.04.25"]

1. e4 c5 2. Nf3 d6 3. d4 cxd4 4. Nxd4 Nf6 5. Nc3 a6 6. Be2 e5 7. Nb3 Be7 8. Be3
Be6 9. O-O O-O 10. a4 Nbd7 11. Kh1 Rc8 12. f4 Rxc3 13. bxc3 Nxe4 14. Bf3 Ndf6
15. Qe1 Qc7 16. a5 Bd5 17. Rd1 Nxc3 18. Bb6 Qc6 19. Rd3 Bxf3 20. Rxc3 Bxg2+ 21.
Kg1 Qe4 22. Re3 1/2-1/2

[Event "OGD Prinsenstad-toernooi - A groep"]
[Site "Delft"]
[Date "2008.01.05"]
[Round "2.6"]
[White "Bok, Benjamin"]
[Black "Van Putten, Henk"]
[Result "1-0"]
[WhiteElo "2136"]
[BlackElo "2247"]
[Annotator "Prinsenstad-toernooi"]
[PlyCount "49"]
[EventDate "2008.01.04"]
[EventType "swiss"]
[EventRounds "6"]
[EventCountry "NED"]
[Source "DSC"]
[SourceDate "2008.04.25"]

1. e4 g6 2. d4 Bg7 3. Nc3 d6 4. Be3 a6 5. Qd2 Nd7 6. f3 b5 7. O-O-O Bb7 8. h4
h5 9. Nh3 Rc8 10. Ng5 c5 11. Kb1 cxd4 12. Bxd4 Ngf6 13. Be2 Nb6 14. Qe3 Nc4 15.
Bxc4 Rxc4 {Diagram #} 16. e5 $1 dxe5 $2 (16... Nd5 17. Nxd5 Bxd5 18. Bb6 Qa8
19. exd6 $18) 17. Bb6 Qc8 18. Rd8+ Qxd8 19. Bxd8 Nd7 (19... Kxd8 $2 20. Nxf7+)
20. Ba5 O-O 21. Rd1 Rd4 22. Rxd4 exd4 23. Qxe7 dxc3 24. Qxd7 Bc8 25. Qc7 1-0

[Event "OGD Prinsenstad-toernooi - A groep"]
[Site "Delft"]
[Date "2008.01.05"]
[Round "2.8"]
[White "Van Oosterom, Chiel"]
[Black "Van der Lende, Ilias"]
[Result "1-0"]
[WhiteElo "2393"]
[BlackElo "2018"]
[PlyCount "75"]
[EventDate "2008.01.04"]
[EventType "swiss"]
[EventRounds "6"]
[EventCountry "NED"]
[Source "DSC"]
[SourceDate "2008.04.25"]

1. e4 e6 2. d4 d5 3. Nc3 Bb4 4. e5 c5 5. a3 Bxc3+ 6. bxc3 Qc7 7. Qg4 f5 8. Qg3
Nc6 9. Nf3 cxd4 10. cxd4 Nge7 11. Bd2 O-O 12. Bd3 Bd7 13. h4 f4 14. Bxf4 Nf5
15. Bxf5 Rxf5 16. O-O Raf8 17. Be3 Na5 18. Bd2 Nc4 19. Bb4 Rc8 20. Rfc1 a5 21.
Bc5 b6 22. Bd6 Nxd6 23. exd6 Qb8 24. Rab1 Rc6 25. Ne5 Qxd6 26. Nxc6 Qxc6 27.
Qb8+ Rf8 28. Qxb6 Qc3 29. Qb2 Qd2 30. c4 Rxf2 31. Qxd2 Rxd2 32. c5 Rxd4 33. c6
Bxc6 34. Rxc6 Kf7 35. Rf1+ Ke7 36. Re1 Rxh4 37. Rexe6+ Kf7 38. Red6 1-0

[Event "OGD Prinsenstad-toernooi - A groep"]
[Site "Delft"]
[Date "2008.01.05"]
[Round "2.9"]
[White "Schröer, Marcel"]
[Black "Van Dongen, Cor"]
[Result "0-1"]
[WhiteElo "2014"]
[BlackElo "2308"]
[PlyCount "54"]
[EventDate "2008.01.04"]
[EventType "swiss"]
[EventRounds "6"]
[EventCountry "NED"]
[Source "DSC"]
[SourceDate "2008.04.25"]

1. Nf3 Nf6 2. c4 c5 3. Nc3 g6 4. e4 d6 5. d4 cxd4 6. Nxd4 Bg7 7. Be2 Nc6 8. Be3
Bd7 9. Qd2 O-O 10. O-O Nxd4 11. Bxd4 Bc6 12. f3 a5 13. b3 Nd7 14. Be3 Nc5 15.
Rac1 Qb6 16. Nd5 Bxd5 17. exd5 Qb4 18. Rfd1 Rfc8 19. Rc2 Na6 20. Qd3 a4 21. Rb1
Nc5 22. Qd2 Qxd2 23. Bxd2 axb3 24. axb3 Ra3 25. b4 Nb3 26. Be3 Na1 27. Rd2 Rxe3
0-1

[Event "OGD Prinsenstad-toernooi - A groep"]
[Site "Delft"]
[Date "2008.01.05"]
[Round "2.18"]
[White "Dessing, Bastiaan"]
[Black "Voogt, Bob"]
[Result "1-0"]
[WhiteElo "2022"]
[BlackElo "1993"]
[PlyCount "65"]
[EventDate "2008.01.04"]
[EventType "swiss"]
[EventRounds "6"]
[EventCountry "NED"]
[Source "DSC"]
[SourceDate "2008.04.25"]

1. e4 c5 2. Nf3 d6 3. Bb5+ Nd7 4. d4 cxd4 5. Qxd4 a6 6. Be2 Ngf6 7. c4 g6 8.
Nc3 Bg7 9. O-O O-O 10. Bg5 b6 11. h3 Bb7 12. Qe3 Re8 13. Rac1 Nc5 14. Nd2 Rc8
15. b4 Ncd7 16. Rfd1 Qc7 17. Nb3 Qb8 18. a4 Ne5 19. Nd5 Bxd5 20. cxd5 b5 21.
axb5 axb5 22. Na5 Nc4 23. Bxc4 bxc4 24. Nc6 Qb7 25. Rxc4 e6 26. Rdc1 Ra8 27.
Qf3 exd5 28. exd5 Nd7 29. Bh4 Bh6 30. R1c2 Ne5 31. Nxe5 Rxe5 32. Rc7 Rf5 33.
Rxb7 1-0

[Event "OGD Prinsenstad-toernooi - A groep"]
[Site "Delft"]
[Date "2008.01.05"]
[Round "3.1"]
[White "Van den Doel, Erik"]
[Black "Bok, Benjamin"]
[Result "1-0"]
[WhiteElo "2584"]
[BlackElo "2136"]
[PlyCount "65"]
[EventDate "2008.01.04"]
[EventType "swiss"]
[EventRounds "6"]
[EventCountry "NED"]
[Source "DSC"]
[SourceDate "2008.04.25"]

1. e4 e5 2. Nf3 Nc6 3. Bb5 a6 4. Ba4 Nf6 5. Qe2 b5 6. Bb3 Be7 7. O-O O-O 8. c3
d6 9. Rd1 Na5 10. Bc2 c5 11. d4 Qc7 12. d5 c4 13. Nbd2 Nb7 14. Nf1 Bd7 15. h3
Nc5 16. N3h2 Rfb8 17. g4 g6 18. Ng3 Bf8 19. Kh1 Bg7 20. Rg1 Kh8 21. h4 a5 22.
h5 Qc8 23. g5 Ne8 24. f4 b4 25. h6 Bf8 26. Qf2 Kg8 27. Be3 Na6 28. Raf1 Bh3 29.
fxe5 Bxf1 30. Rxf1 Rb7 31. e6 Qc7 32. Ba4 Qe7 33. Ng4 1-0

[Event "OGD Prinsenstad-toernooi - A groep"]
[Site "Delft"]
[Date "2008.01.05"]
[Round "3.2"]
[White "Van Loenen, Daniël"]
[Black "Reinderman, Dimitri"]
[Result "0-1"]
[WhiteElo "2076"]
[BlackElo "2506"]
[Annotator "Prinsenstad-toernooi"]
[PlyCount "68"]
[EventDate "2008.01.04"]
[EventType "swiss"]
[EventRounds "6"]
[EventCountry "NED"]
[Source "DSC"]
[SourceDate "2008.04.25"]

1. e4 c5 2. Nc3 Nc6 3. g3 g6 4. Bg2 Bg7 5. d3 d6 6. Be3 e5 7. Nge2 Nge7 8. O-O
O-O 9. f4 Nd4 10. fxe5 dxe5 11. Qd2 Be6 12. Nd1 c4 13. Bxd4 exd4 14. Nf4 c3 15.
bxc3 dxc3 16. Qc1 Nc6 17. Kh1 Rc8 18. Ne3 b5 19. Bh3 Nd4 20. Kg2 Bh6 21. Qd1
Rc5 22. Ng4 Bxf4 23. Rxf4 Bxg4 24. Bxg4 b4 25. Qc1 Qd6 26. Bd1 Ra5 27. Qe3 $2 {
Diagram #} (27. Bg4 $17) 27... b3 $1 {Zwart versiert een fraaie doorbraak.} 28.
cxb3 c2 29. Bxc2 Nxc2 30. Qd2 Nxa1 31. Qxa5 Qxd3 32. Qxa7 Nc2 33. Qf2 Ne3+ 34.
Kh3 Qd7+ 0-1

[Event "OGD Prinsenstad-toernooi - A groep"]
[Site "Delft"]
[Date "2008.01.05"]
[Round "3.3"]
[White "Li, Shilong"]
[Black "Pel, Bonno"]
[Result "1-0"]
[WhiteElo "2484"]
[BlackElo "2281"]
[Annotator "Prinsenstad-toernooi"]
[PlyCount "51"]
[EventDate "2008.01.04"]
[EventType "swiss"]
[EventRounds "6"]
[EventCountry "NED"]
[Source "DSC"]
[SourceDate "2008.04.25"]

1. d4 d6 2. Nf3 g6 3. c4 Bg7 4. e4 e5 5. Nc3 Nc6 6. d5 Nce7 7. h4 Nf6 8. Be2 c6
9. Nd2 h5 10. b4 Bd7 11. a4 Ng4 12. Ba3 Rc8 13. Qb3 Bh6 14. Nf3 cxd5 15. exd5
Nf5 16. Ne4 O-O 17. Rd1 Re8 18. b5 Qe7 19. O-O Bf8 20. c5 Nf6 21. Nxf6+ Qxf6
22. c6 bxc6 23. bxc6 Bxc6 24. dxc6 Rxc6 25. g3 Rb6 26. Qc3 {
waarna de partij nog lang verder ging in de tijdnoodfase.} 1-0

[Event "OGD Prinsenstad-toernooi - A groep"]
[Site "Delft"]
[Date "2008.01.05"]
[Round "3.4"]
[White "Van Oosterom, Chiel"]
[Black "Colijn, Stefan"]
[Result "1-0"]
[WhiteElo "2393"]
[BlackElo "2033"]
[Annotator "Prinsenstad-toernooi"]
[PlyCount "47"]
[EventDate "2008.01.04"]
[EventType "swiss"]
[EventRounds "6"]
[EventCountry "NED"]
[Source "DSC"]
[SourceDate "2008.04.25"]

1. e4 e6 2. d4 d5 3. Nd2 dxe4 4. Nxe4 Nd7 5. Nf3 Ngf6 6. Bd3 Be7 7. Qe2 O-O 8.
Bg5 Nxe4 9. Qxe4 g6 10. h4 Bf6 11. O-O-O c5 $2 12. Ne5 (12. Bb5 $1 {
met complicaties:} cxd4 (12... a6 13. Bxd7 Bxd7 14. dxc5) 13. Bxd7 Bxd7 14.
Rxd4 Bxg5+ 15. hxg5 $18) 12... Nxe5 (12... cxd4 13. Nxd7 Bxd7 $14) 13. dxe5
Bxg5+ 14. hxg5 Qxg5+ 15. f4 Qe7 16. Rh6 f5 17. exf6 Qxf6 18. Rdh1 Rf7 19. g4
Qxf4+ 20. Qxf4 Rxf4 21. Rxh7 (21. g5 Rf7 22. Bxg6 Rg7 23. Bxh7+) 21... Kf8 $2 (
21... Rxg4) 22. Rc7 Kg8 23. Bxg6 e5 24. Bh7+ 1-0

[Event "OGD Prinsenstad-toernooi - A groep"]
[Site "Delft"]
[Date "2008.01.05"]
[Round "3.5"]
[White "Van Dongen, Cor"]
[Black "Drozdowski, Kacper"]
[Result "1-0"]
[WhiteElo "2308"]
[BlackElo "2156"]
[PlyCount "95"]
[EventDate "2008.01.04"]
[EventType "swiss"]
[EventRounds "6"]
[EventCountry "NED"]
[Source "DSC"]
[SourceDate "2008.04.25"]

1. c4 Nf6 2. g3 g6 3. Bg2 Bg7 4. Nc3 O-O 5. e4 d6 6. Nge2 c5 7. d3 Nc6 8. O-O
a6 9. a3 Rb8 10. Rb1 b5 11. cxb5 axb5 12. b4 cxb4 13. axb4 e5 14. Bg5 h6 15.
Be3 Be6 16. d4 exd4 17. Nxd4 Nxd4 18. Bxd4 Qd7 19. Qd2 Rfc8 20. Rfc1 Rc4 21.
Ne2 Rbc8 22. Rxc4 Rxc4 23. Ra1 Kh7 24. Qb2 Ne8 25. Bxg7 Nxg7 26. Nd4 d5 27.
exd5 Bxd5 28. Bf1 Ne6 29. Nxe6 Qxe6 30. Bxc4 Bxc4 31. Qd2 Qf5 32. Qf4 Qe6 33.
Qe3 Qf5 34. Rd1 Qg4 35. f3 Qf5 36. g4 Qf6 37. Kg2 Qb2+ 38. Qd2 Qe5 39. Re1 Qf6
40. h4 Be6 41. Kg3 Qe7 42. Qf4 g5 43. hxg5 hxg5 44. Qf5+ Kg7 45. Qxb5 f6 46.
Qc6 Qxb4 47. Rxe6 Qf4+ 48. Kg2 1-0

[Event "OGD Prinsenstad-toernooi - A groep"]
[Site "Delft"]
[Date "2008.01.05"]
[Round "3.6"]
[White "Broekmeulen, Jasper"]
[Black "Vlam, Hora"]
[Result "1/2-1/2"]
[WhiteElo "2304"]
[BlackElo "2005"]
[PlyCount "91"]
[EventDate "2008.01.04"]
[EventType "swiss"]
[EventRounds "6"]
[EventCountry "NED"]
[Source "DSC"]
[SourceDate "2008.04.25"]

1. e4 c5 2. Nf3 Nc6 3. d4 cxd4 4. Nxd4 g6 5. c4 Nf6 6. Nc3 Nxd4 7. Qxd4 d6 8.
Bg5 Bg7 9. Be2 O-O 10. Qd2 Qa5 11. f3 a6 12. O-O Be6 13. Nd5 Qxd2 14. Nxe7+ Kh8
15. Bxd2 Rfe8 16. Nd5 Nxd5 17. cxd5 Bxd5 18. Bc3 Bxc3 19. bxc3 Rac8 20. Rfd1
Be6 21. Rac1 Rc6 22. Rd2 Rec8 23. Rdc2 Kg7 24. Kf2 b5 25. Bd3 Bc4 26. Ke3 d5
27. Bxc4 Rxc4 28. exd5 Kf6 29. f4 R8c5 30. Rd2 Rxc3+ 31. Rxc3 Rxc3+ 32. Ke4 Ke7
33. d6+ Kd7 34. g4 Rc4+ 35. Ke5 f6+ 36. Kxf6 Rxf4+ 37. Kg5 Re4 38. h3 Re3 39.
h4 Re4 40. h5 gxh5 41. Kxh5 h6 42. Rf2 Re6 43. Rf7+ Kxd6 44. Rh7 Re5+ 45. Kh4
Re6 46. Kh5 1/2-1/2